Statistics for States of Matter (Phases of Matter)

Click here to take the quiz!

General Stats

  • This quiz has been taken 246 times
  • The average score is 5 of 8

Answer Stats

State of Matter% Correct
{solid}
100%
{gas}
98%
{liquid}
98%
{plasma}
89%
{Bose}-{Einstein} condensate
43%
{superfluid}
25%
{quark}-{gluon} {plasma}
13%
neutron-{degenerate} matter
12%

Score Distribution

Percentile by Number Answered

Percent of People with Each Score

Your Score History

You have not taken this quiz